Untersuchungen Zum Deutschen Vertriebenen- und Flüchtlingsproblem : Zweite Abteilung: Einzeldarstellungen. V: Edding, Friedrich: Die Wirtschaftliche Eingliederung der Vertriebenen und Flüchtlinge in Schleswig-Holstein.

Bibliographic Details
Main Author: Pfister, Bernhard.
Format: eBook
Language:German
Published: Berlin : Duncker & Humblot, 1955.
Edition:1st ed.
Series:Schriften des Vereins Für Socialpolitik Series
Subjects:
Online Access:Click to View
LEADER 03056nam a22003853i 4500
001 EBC7100836
003 MiAaPQ
005 20240729202203.0
006 m o d |
007 cr cnu||||||||
008 240729s1955 xx o ||||0 ger d
020 |a 9783428403370  |q (electronic bk.) 
020 |z 9783428003372 
035 |a (MiAaPQ)EBC7100836 
035 |a (Au-PeEL)EBL7100836 
035 |a (OCoLC)1347029368 
040 |a MiAaPQ  |b eng  |e rda  |e pn  |c MiAaPQ  |d MiAaPQ 
100 1 |a Pfister, Bernhard. 
245 1 0 |a Untersuchungen Zum Deutschen Vertriebenen- und Flüchtlingsproblem :  |b Zweite Abteilung: Einzeldarstellungen. V: Edding, Friedrich: Die Wirtschaftliche Eingliederung der Vertriebenen und Flüchtlinge in Schleswig-Holstein. 
250 |a 1st ed. 
264 1 |a Berlin :  |b Duncker & Humblot,  |c 1955. 
264 4 |c {copy}1955. 
300 |a 1 online resource (133 pages) 
336 |a text  |b txt  |2 rdacontent 
337 |a computer  |b c  |2 rdamedia 
338 |a online resource  |b cr  |2 rdacarrier 
490 1 |a Schriften des Vereins Für Socialpolitik Series 
505 0 |a Intro -- Vorwort -- Inhalt -- Einführung und Zusammenfassung -- I. Der Einstrom der Vertriebenen und Flüchtlinge und die Maßnahmen zur Lösung der dadurch entstandenen Probleme -- 1. Der Einstrom -- 2. Bemühungen des Landes um Bevölkerungsausgleich -- 3. Maßnahmen zur Eingliederung -- 4. Der langfristige Entwicklungsplan -- II. Veränderungen der Bevölkerungsverhältnisse unter dem Einfluß der Zu- und Abwanderung -- 1. Wanderung und natürliche Bevölkerungsbewegung -- 2. Veränderungen in Kreisen und Gemeinden -- 3. Wirkung der Wanderung auf Geschlechtsverhältnis und Altersaufbau -- 4. Auswanderung -- III. Veränderungen in der Erwerbs- und Sozialstruktur -- 1. Erwerbsbeteiligung -- 2. Soziale Stellung -- IV. Beschäftigung und Arbeitslosigkeit -- 1. Die Gesamtentwicklung -- 2. Beschäftigung von Vertriebenen und Flüchtlingen -- 3. Arbeitslosigkeit der Vertriebenen und Flüchtlinge und ihre regionale Verteilung -- V. Probleme der Eingliederung ehemals Selbständiger -- 1. Allgemeine Entwicklung -- 2. Landwirtschaft -- 3. Industrie und Handwerk -- 4. Steuerleistung der einkommensteuerpflichtigen Vertriebenen -- VI. Die Wirkung der Wanderungsbewegungen auf die Gesamtwirtschaft Schleswig-Holsteins -- Anhang -- Tabellen und Dokumente (mit Verzeichnis). 
588 |a Description based on publisher supplied metadata and other sources. 
590 |a Electronic reproduction. Ann Arbor, Michigan : ProQuest Ebook Central, 2024. Available via World Wide Web. Access may be limited to ProQuest Ebook Central affiliated libraries.  
655 4 |a Electronic books. 
776 0 8 |i Print version:  |a Pfister, Bernhard  |t Untersuchungen Zum Deutschen Vertriebenen- und Flüchtlingsproblem  |d Berlin : Duncker & Humblot,c1955  |z 9783428003372 
797 2 |a ProQuest (Firm) 
830 0 |a Schriften des Vereins Für Socialpolitik Series 
856 4 0 |u https://ebookcentral.proquest.com/lib/matrademy/detail.action?docID=7100836  |z Click to View